UM Logo

Negotiating globalization in Asia/ (Record no. 2331)

MARC details
000 -LEADER
fixed length control field 00679nam a2200169 4500
008 - FIXED-LENGTH DATA ELEMENTS--GENERAL INFORMATION
fixed length control field 160506b xxu||||| |||| 00| 0 eng d
020 ## - INTERNATIONAL STANDARD BOOK NUMBER
International Standard Book Number 9789710426010
082 ## - DEWEY DECIMAL CLASSIFICATION NUMBER
Edition number 2006
Classification number DFil 330.95
Item number N31
245 ## - TITLE STATEMENT
Title Negotiating globalization in Asia/
Statement of responsibility, etc. Ateneo Center for Asian Studies (ACAS).
260 ## - PUBLICATION, DISTRIBUTION, ETC. (IMPRINT)
Place of publication, distribution, etc. Quezon City:
Name of publisher, distributor, etc. Ateneo Center for Asian Studies (ACAS),
Date of publication, distribution, etc. c2006.
300 ## - PHYSICAL DESCRIPTION
Extent x, 337 pages:
Other physical details illustrations;
Dimensions 23 cm.
500 ## - GENERAL NOTE
General note Includes bibliographical references and index.
650 #0 - SUBJECT ADDED ENTRY--TOPICAL TERM
9 (RLIN) 7643
Topical term or geographic name as entry element Asai
General subdivision Economic conditions
-- Regional diparities
650 #0 - SUBJECT ADDED ENTRY--TOPICAL TERM
9 (RLIN) 7644
Topical term or geographic name as entry element Globalization
General subdivision Cross-cultural studies
710 ## - ADDED ENTRY--CORPORATE NAME
9 (RLIN) 7645
Corporate name or jurisdiction name as entry element Ateneo Center for Asian Studies (ACAS).
942 ## - ADDED ENTRY ELEMENTS (KOHA)
Source of classification or shelving scheme Dewey Decimal Classification
Koha item type Filipiniana
Holdings
Withdrawn status Lost status Source of classification or shelving scheme Damaged status Not for loan Collection code Home library Current library Date acquired Source of acquisition Total Checkouts Full call number Barcode Date last seen Price effective from Koha item type
    Dewey Decimal Classification     Filipiniana UM Digos College - LIC UM Digos College - LIC 09/14/2007 Purchased   DFil 330.95 N31 2006 19255 05/15/2025 05/06/2016 Filipiniana